Cây độc ở Việt Nam
Cuốn sách cung cấp những thông tin cơ bản giúp bạn đọc tránh được tác hại của một số cây độc thường gặp ở Việt Nam. Nội dung sách gồm ba phần chính: đại cương về cây độc, cây độc, cây thuốc giải độc....
Đã lưu trong:
| Hovedforfatter: | |
|---|---|
| Andre forfattere: | |
| Format: | Bog |
| Sprog: | Vietnamese |
| Udgivet: |
H.
Y học
2004
|
| Udgivelse: | Xuất bản lần thứ 3 có sửa chữa, bổ sung |
| Fag: | |
| Tags: |
Tilføj Tag
Ingen Tags, Vær først til at tagge denne postø!
|
| Thư viện lưu trữ: | Thư viện Trường Đại học Nam Cần Thơ |
|---|
| LEADER | 01139nam a22002177a 4500 | ||
|---|---|---|---|
| 001 | NCT_69142 | ||
| 008 | 190912b xxu||||| |||| 00| 0 vie d | ||
| 999 | |c 3349 |d 3349 | ||
| 020 | |c 34500 | ||
| 082 | 0 | 4 | |2 23rd ed. |a 615.9 |b Kh107 |
| 100 | 1 | |a Trần Công Khánh | |
| 245 | 1 | 0 | |a Cây độc ở Việt Nam |c Trần Công Khánh, Phạm Hải |
| 250 | |a Xuất bản lần thứ 3 có sửa chữa, bổ sung | ||
| 260 | |a H. |b Y học |c 2004 | ||
| 300 | |a 283 tr. |b minh họa |c 21cm | ||
| 520 | 3 | |a Cuốn sách cung cấp những thông tin cơ bản giúp bạn đọc tránh được tác hại của một số cây độc thường gặp ở Việt Nam. Nội dung sách gồm ba phần chính: đại cương về cây độc, cây độc, cây thuốc giải độc. | |
| 655 | |a Dược học | ||
| 700 | 1 | |a Phạm Hải | |
| 942 | |2 ddc |c BK | ||
| 952 | |0 0 |1 0 |2 ddc |4 0 |6 615_900000000000000_KH107 |7 0 |9 17829 |a 000001 |b 000001 |d 2019-09-12 |o 615.9 Kh107 |p MD.16107 |r 2019-09-12 |v 34500.00 |w 2019-09-12 |y BK | ||
| 980 | |a Thư viện Trường Đại học Nam Cần Thơ | ||